[Event "25. Open Internacional de Parla 2010"]
[Site "Parla ESP"]
[Date "2010.09.09"]
[Round "6.24"]
[White "Bote Kobolo, Benjamin"]
[Black "Cortes Jurado, Rafael"]
[Result "0-1"]
[WhiteElo "1969"]
[BlackElo "2083"]
[PlyCount "74"]
[EventDate "2010.09.04"]
[EventType "swiss"]
[EventRounds "9"]
[EventCountry "ESP"]
[Source "lmi"]
[SourceDate "2010.09.04"]

1. e4 c5 2. Nc3 Nc6 3. Nf3 e6 4. h3 a6 5. a4 Qc7 6. g3 Nf6 7. Bg2 Be7 8. d3 O-O
9. O-O d5 10. exd5 exd5 11. Bf4 Qb6 12. b3 Bf5 13. g4 d4 14. Ne2 Be6 15. Bg3
Qd8 16. Nf4 Bd5 17. g5 Bxf3 18. Qxf3 Ne8 19. h4 g6 20. Rae1 Ng7 21. Nd5 Bd6 22.
Nf6+ Kh8 23. Re4 Nf5 24. Bxd6 Qxd6 25. h5 Nce7 26. hxg6 fxg6 27. Rfe1 Ng8 28.
Re6 Qc7 29. Nd5 Qf7 30. Qe4 Ng7 31. Re5 Qxf2+ 32. Kh2 Nh5 33. Re2 Qg3+ 34. Kg1
Nf4 35. Nxf4 Rxf4 36. Qxb7 Raf8 37. Re1 Qf2+ 0-1

[Event "25. Open Internacional de Parla 2010"]
[Site "Parla ESP"]
[Date "2010.09.09"]
[Round "6.25"]
[White "Aziz Ortego, Omar Luis"]
[Black "Hernandez Mateo, Borja"]
[Result "1-0"]
[WhiteElo "2080"]
[BlackElo "1617"]
[PlyCount "105"]
[EventDate "2010.09.04"]
[EventType "swiss"]
[EventRounds "9"]
[EventCountry "ESP"]
[Source "lmi"]
[SourceDate "2010.09.04"]

1. e4 c5 2. Nf3 d6 3. Nc3 Nf6 4. Bc4 e6 5. d3 Be7 6. O-O Nc6 7. a3 a6 8. Rb1 b5
9. Ba2 O-O 10. Re1 Bb7 11. Bf4 Nd7 12. b4 cxb4 13. axb4 Rc8 14. Bd2 Nde5 15.
Nxe5 dxe5 16. Ne2 Nd4 17. c3 Nc6 18. Be3 Nb8 19. Qd2 Nd7 20. Red1 Nf6 21. f3
Qc7 22. Qe1 Qc6 23. g4 Nd7 24. Rbc1 Qc7 25. Bb3 Qd8 26. Kg2 Bg5 27. Qf2 Bxe3
28. Qxe3 Qb6 29. Kf2 Qxe3+ 30. Kxe3 Rfd8 31. h4 g6 32. Rh1 Kg7 33. h5 Nf6 34.
h6+ Kf8 35. Rhf1 Rc7 36. g5 Nh5 37. d4 exd4+ 38. cxd4 Rcd7 39. Rc3 Re7 40. Rfc1
Rdd7 41. Rc5 Ke8 42. Bc2 f6 43. gxf6 Nxf6 44. Nf4 Ng8 45. Rh1 Nf6 46. Bb3 Kf7
47. Nd3 Rc7 48. Rhc1 Rxc5 49. bxc5 a5 50. c6 Bc8 51. Rc5 a4 52. Ba2 Rc7 53.
Rxb5 1-0

[Event "25. Open Internacional de Parla 2010"]
[Site "Parla ESP"]
[Date "2010.09.09"]
[Round "6.26"]
[White "Sanchez Rodriguez, Jaime"]
[Black "Castejon Caballero, Andres"]
[Result "0-1"]
[WhiteElo "1958"]
[BlackElo "2077"]
[PlyCount "80"]
[EventDate "2010.09.04"]
[EventType "swiss"]
[EventRounds "9"]
[EventCountry "ESP"]
[Source "lmi"]
[SourceDate "2010.09.04"]

1. d4 d5 2. e3 Nf6 3. f4 c5 4. c3 cxd4 5. exd4 Nc6 6. Bd3 g6 7. Nf3 Bg7 8. O-O
Ne4 9. Nbd2 Nd6 10. Qe2 a6 11. Re1 O-O 12. Ne5 Re8 13. Qf3 f6 14. Nxg6 hxg6 15.
Bxg6 e6 16. Bxe8 Qxe8 17. b3 b5 18. Bb2 Qf7 19. Re2 Bd7 20. Rae1 Re8 21. g4 f5
22. g5 b4 23. Qe3 Rc8 24. Rc1 bxc3 25. Bxc3 Nxd4 26. Ree1 N6b5 27. Kh1 Nxc3 28.
Rxc3 Nc2 29. Rxc8+ Bxc8 30. Qc5 Nxe1 31. Qxc8+ Kh7 32. Qxa6 Nc2 33. Nf3 Qc7 34.
Qa4 Qc3 35. Kg2 Ne1+ 36. Nxe1 Qxe1 37. Qe8 Qe2+ 38. Kg3 Qg4+ 39. Kf2 Qxf4+ 40.
Kg2 Qxg5+ 0-1

[Event "25. Open Internacional de Parla 2010"]
[Site "Parla ESP"]
[Date "2010.09.09"]
[Round "6.27"]
[White "Lopez Garralon, Miguel"]
[Black "Rodrigo Yanguas, Maria"]
[Result "1/2-1/2"]
[WhiteElo "1788"]
[BlackElo "2095"]
[PlyCount "135"]
[EventDate "2010.09.04"]
[EventType "swiss"]
[EventRounds "9"]
[EventCountry "ESP"]
[Source "lmi"]
[SourceDate "2010.09.04"]

1. e4 e6 2. b3 d5 3. Bb2 dxe4 4. Nc3 Nf6 5. f3 exf3 6. Nxf3 Be7 7. Bd3 Nbd7 8.
Qe2 a6 9. h3 Nc5 10. Be4 Ncxe4 11. Nxe4 b6 12. g4 Bb7 13. Ng3 Qd5 14. Rf1 O-O-O
15. O-O-O Bd6 16. Ne5 Nd7 17. Nxf7 Bxg3 18. Nxh8 Rxh8 19. Bxg7 Rd8 20. Qe3 Bd6
21. c4 Qa5 22. Kb1 e5 23. d4 exd4 24. Bxd4 Nc5 25. Bc3 Qa3 26. Bb2 Be4+ 27. Ka1
Qa5 28. Rd4 Bg6 29. Rd5 Re8 30. Qc3 Qxc3 31. Bxc3 Re3 32. Bd4 Rxh3 33. b4 Nd3
34. a3 Nf4 35. Rxd6 cxd6 36. Rxf4 Rxa3+ 37. Kb2 Ra4 38. Kb3 b5 39. Rf8+ Kc7 40.
Rf6 Bd3 41. cxb5 axb5 42. Bb2 Ra8 43. Rf7+ Kc6 44. Rg7 Rf8 45. g5 Rf3 46. Bc3
Bg6 47. Kb2 Rg3 48. Bf6 Bf5 49. Re7 Kd5 50. Rc7 Rg2+ 51. Kb3 Bd3 52. Rc1 Bc4+
53. Kc3 Rg3+ 54. Kd2 Rd3+ 55. Kc2 Rh3 56. Rd1+ Ke6 57. Re1+ Kf5 58. Be7 d5 59.
Bf6 Rb3 60. Be7 d4 61. Rd1 d3+ 62. Kd2 Rb2+ 63. Kc3 Re2 64. Bf6 Ke4 65. Rd2 Re1
66. Rh2 Bg8 67. Rh4+ Kf5 68. Kxd3 1/2-1/2

[Event "25. Open Internacional de Parla 2010"]
[Site "Parla ESP"]
[Date "2010.09.09"]
[Round "6.28"]
[White "Callejo Hernanz, Jesus Maria"]
[Black "Garcia Lopez, Luis Manuel"]
[Result "0-1"]
[WhiteElo "1815"]
[BlackElo "2094"]
[PlyCount "64"]
[EventDate "2010.09.04"]
[EventType "swiss"]
[EventRounds "9"]
[EventCountry "ESP"]
[Source "lmi"]
[SourceDate "2010.09.04"]

1. d4 d5 2. c4 e5 3. dxe5 d4 4. Nf3 Nc6 5. a3 Bg4 6. Nbd2 Nge7 7. h3 Bh5 8. Qa4
Qd7 9. Ne4 Bxf3 10. Nc5 Qc8 11. gxf3 Ng6 12. Nd3 Qf5 13. h4 Ngxe5 14. Nxe5 Qxe5
15. f4 Qa5+ 16. Qxa5 Nxa5 17. e3 Nb3 18. Rb1 Bc5 19. exd4 Bxd4 20. Be3 O-O-O
21. Bh3+ Kb8 22. Rd1 Rhe8 23. O-O Bxe3 24. fxe3 Nd2 25. Rxd2 Rxd2 26. Rf2 Rd1+
27. Kg2 Rxe3 28. Bg4 Rd4 29. c5 g6 30. Be2 Rd2 31. Bc4 Rxf2+ 32. Kxf2 Re4 0-1

[Event "25. Open Internacional de Parla 2010"]
[Site "Parla ESP"]
[Date "2010.09.09"]
[Round "6.29"]
[White "De la Orden Alcocer, Alejandro"]
[Black "Ruiz Sanchez, Roberto"]
[Result "1/2-1/2"]
[WhiteElo "1798"]
[BlackElo "2079"]
[PlyCount "51"]
[EventDate "2010.09.04"]
[EventType "swiss"]
[EventRounds "9"]
[EventCountry "ESP"]
[Source "lmi"]
[SourceDate "2010.09.04"]

1. c4 c6 2. Nc3 d5 3. e3 e6 4. Nf3 Nf6 5. d4 Bd6 6. Bd3 Nbd7 7. O-O O-O 8. e4
dxe4 9. Nxe4 Nxe4 10. Bxe4 h6 11. b3 e5 12. dxe5 Nxe5 13. Bb2 Bg4 14. Bxe5 Bxf3
15. Qxf3 Bxe5 16. Qf5 Re8 17. Qh7+ Kf8 18. Rae1 g6 19. Qxh6+ Bg7 20. Qf4 Be5
21. Qh6+ Bg7 22. Qh3 Qd2 23. Qf3 Qg5 24. Re2 Re6 25. Rd1 Rae8 26. Bd3 1/2-1/2

[Event "25. Open Internacional de Parla 2010"]
[Site "Parla ESP"]
[Date "2010.09.09"]
[Round "6.30"]
[White "Tolosana Esteban, Enrique"]
[Black "Tipter, Napoleon"]
[Result "0-1"]
[WhiteElo "1772"]
[BlackElo "2027"]
[PlyCount "114"]
[EventDate "2010.09.04"]
[EventType "swiss"]
[EventRounds "9"]
[EventCountry "ESP"]
[Source "lmi"]
[SourceDate "2010.09.04"]

1. e4 c6 2. d4 d5 3. Nc3 dxe4 4. Nxe4 Nf6 5. Nxf6+ gxf6 6. Nf3 Bg4 7. Be2 e6 8.
h3 Bh5 9. Be3 Nd7 10. Qd2 Bd6 11. O-O-O Qc7 12. g4 Bg6 13. Nh4 b5 14. Nxg6 hxg6
15. h4 Nb6 16. h5 O-O-O 17. Qa5 Nd5 18. Qxc7+ Kxc7 19. Bd3 f5 20. gxf5 exf5 21.
Bd2 Bf4 22. Rh4 g5 23. Rhh1 Bxd2+ 24. Rxd2 Nf4 25. Bxf5 Rxh5 26. Re1 f6 27. c3
Kd6 28. b3 Rdh8 29. Re3 Rh1+ 30. Kc2 Ra1 31. Kb2 Rah1 32. c4 bxc4 33. bxc4 Rb8+
34. Ka3 c5 35. Rb3 Rb6 36. Rb5 Rxb5 37. cxb5 cxd4 38. Rxd4+ Ke5 39. Rd7 Kxf5
40. Rxa7 Rb1 41. Ka4 Nd5 42. Ka5 Rb2 43. a4 Rxf2 44. Ka6 g4 45. Rg7 Rb2 46. a5
Kf4 47. b6 g3 48. b7 Ne3 49. Ka7 Ng4 50. Rh7 g2 51. b8=Q+ Rxb8 52. Kxb8 g1=Q
53. Rc7 Qa1 54. Rc5 Ne5 55. Kb7 Qd4 56. Rb5 Qd7+ 57. Kb6 Qc6+ 0-1

[Event "25. Open Internacional de Parla 2010"]
[Site "Parla ESP"]
[Date "2010.09.09"]
[Round "6.31"]
[White "Garcia-Ruiz Fuentes, Marcos"]
[Black "Lopez Heras, Arturo"]
[Result "0-1"]
[WhiteElo "1749"]
[BlackElo "2013"]
[PlyCount "50"]
[EventDate "2010.09.04"]
[EventType "swiss"]
[EventRounds "9"]
[EventCountry "ESP"]
[Source "lmi"]
[SourceDate "2010.09.04"]

1. e4 e5 2. Nf3 Nc6 3. d4 exd4 4. Nxd4 Nf6 5. Nxc6 bxc6 6. e5 Qe7 7. Qe2 Nd5 8.
c4 Ba6 9. b3 O-O-O 10. Bb2 Re8 11. Qd2 Nb6 12. Qa5 Qb4+ 13. Qxb4 Bxb4+ 14. Kd1
Bb7 15. Nd2 c5 16. Kc2 Re6 17. Rg1 Rhe8 18. g3 Kb8 19. Bg2 d5 20. exd6 Rxd6 21.
Rad1 Re2 22. Bc3 Rxf2 23. Bxb7 Bxc3 24. Kxc3 Kxb7 25. Rgf1 Rdxd2 0-1

[Event "25. Open Internacional de Parla 2010"]
[Site "Parla ESP"]
[Date "2010.09.09"]
[Round "6.32"]
[White "Argumanez Avendaño, Juan Antonio"]
[Black "Ledo Galan, Jose Emilio"]
[Result "1/2-1/2"]
[WhiteElo "1732"]
[BlackElo "1963"]
[PlyCount "52"]
[EventDate "2010.09.04"]
[EventType "swiss"]
[EventRounds "9"]
[EventCountry "ESP"]
[Source "lmi"]
[SourceDate "2010.09.04"]

1. e4 c5 2. Nf3 d6 3. d4 cxd4 4. Nxd4 Nf6 5. Nc3 g6 6. f3 Bg7 7. Be3 O-O 8. Qd2
Nc6 9. O-O-O Bd7 10. g4 Nxd4 11. Bxd4 Qa5 12. Bc4 Rfc8 13. Bb3 b5 14. Kb1 b4
15. Nd5 Nxd5 16. exd5 Bxd4 17. Qxd4 Qc5 18. h4 a5 19. a4 bxa3 20. Qxc5 Rxc5 21.
bxa3 Rb8 22. Kc1 a4 23. Ba2 Rbc8 24. Rd2 Rc3 25. Kb2 Rxf3 26. h5 Rb8+ 1/2-1/2

[Event "25. Open Internacional de Parla 2010"]
[Site "Parla ESP"]
[Date "2010.09.09"]
[Round "6.34"]
[White "Al-Zarif, Bassam"]
[Black "Lozano Sanchez, Jose Antonio"]
[Result "0-1"]
[WhiteElo "1691"]
[BlackElo "1914"]
[PlyCount "44"]
[EventDate "2010.09.04"]
[EventType "swiss"]
[EventRounds "9"]
[EventCountry "ESP"]
[Source "lmi"]
[SourceDate "2010.09.04"]

1. b3 e5 2. Bb2 Nc6 3. e3 Nf6 4. Bb5 d6 5. Nf3 a6 6. Be2 Bf5 7. a3 Be7 8. c4
O-O 9. Nc3 h6 10. O-O Re8 11. d4 exd4 12. exd4 d5 13. cxd5 Nxd5 14. Nxd5 Qxd5
15. Bc4 Qd6 16. Ne5 Nxe5 17. dxe5 Qg6 18. f4 Rad8 19. Qf3 Be4 20. Qg3 Bc5+ 21.
Kh1 Qxg3 22. hxg3 Rd2 0-1

[Event "25. Open Internacional de Parla 2010"]
[Site "Parla ESP"]
[Date "2010.09.09"]
[Round "6.35"]
[White "Alcazar Mata, Jesus"]
[Black "Martin Espeja, Jorge Juan"]
[Result "0-1"]
[WhiteElo "1666"]
[BlackElo "1884"]
[PlyCount "44"]
[EventDate "2010.09.04"]
[EventType "swiss"]
[EventRounds "9"]
[EventCountry "ESP"]
[Source "lmi"]
[SourceDate "2010.09.04"]

1. e4 e5 2. Nf3 Nc6 3. Bc4 Be7 4. c3 Nf6 5. d3 d6 6. O-O a6 7. b4 Be6 8. Nbd2
O-O 9. Ng5 Bxc4 10. Nxc4 d5 11. Nd2 d4 12. cxd4 Qxd4 13. Rb1 Qxd3 14. Rb3 Qd7
15. a3 Rad8 16. Qe1 Nd4 17. Rh3 Qb5 18. f3 h6 19. Qh4 Nh7 20. Nb1 Ne2+ 21. Kh1
Nxc1 22. Rxc1 Bxg5 0-1

[Event "25. Open Internacional de Parla 2010"]
[Site "Parla ESP"]
[Date "2010.09.09"]
[Round "6.36"]
[White "Martin Garcia, Guillermo"]
[Black "Fariñas Lucas, Juan Antonio"]
[Result "1-0"]
[WhiteElo "1863"]
[BlackElo "1671"]
[PlyCount "115"]
[EventDate "2010.09.04"]
[EventType "swiss"]
[EventRounds "9"]
[EventCountry "ESP"]
[Source "lmi"]
[SourceDate "2010.09.04"]

1. e4 c5 2. c3 d6 3. d4 Nf6 4. Bd3 Nc6 5. Nf3 Bg4 6. d5 Ne5 7. Nxe5 dxe5 8. f3
Bd7 9. Be3 e6 10. c4 Bd6 11. Nc3 a6 12. O-O O-O 13. f4 exf4 14. Bxf4 Qc7 15.
Qf3 Bxf4 16. Qxf4 Qxf4 17. Rxf4 e5 18. Rf2 Rab8 19. a4 Ne8 20. h3 Nd6 21. Rc1
f5 22. exf5 Bxf5 23. Bxf5 Rxf5 24. Rxf5 Nxf5 25. Re1 Re8 26. Ne4 b6 27. Ng5 Nd4
28. Kf2 h6 29. Nf3 Nxf3 30. gxf3 Kf7 31. Ke3 Kf6 32. Ke4 g5 33. Rb1 a5 34. Rd1
Rd8 35. d6 Ke6 36. Rd5 Rxd6 37. Rxd6+ Kxd6 38. Kf5 Ke7 39. Kxe5 Kf7 40. Kd6 Kf6
41. Kc6 Kf5 42. Kxb6 Kf4 43. Kxc5 Kxf3 44. Kb5 h5 45. c5 g4 46. hxg4 hxg4 47.
c6 g3 48. c7 g2 49. c8=Q g1=Q 50. Qf5+ Ke2 51. Qe4+ Kd2 52. Kxa5 Qg5+ 53. Kb4
Qd8 54. Ka3 Qd6+ 55. Qb4+ Qxb4+ 56. Kxb4 Ke3 57. a5 Kd4 58. a6 1-0

[Event "25. Open Internacional de Parla 2010"]
[Site "Parla ESP"]
[Date "2010.09.09"]
[Round "6.38"]
[White "Cabañas Bravo, Juan Andres"]
[Black "Garcia Salamero, Hector"]
[Result "1-0"]
[WhiteElo "2049"]
[BlackElo "1776"]
[PlyCount "65"]
[EventDate "2010.09.04"]
[EventType "swiss"]
[EventRounds "9"]
[EventCountry "ESP"]
[Source "lmi"]
[SourceDate "2010.09.04"]

1. e4 e5 2. f4 exf4 3. Nf3 Ne7 4. d4 d5 5. Nc3 c6 6. Bxf4 Ng6 7. Bd2 dxe4 8.
Nxe4 Be7 9. Bd3 Nd7 10. Qe2 O-O 11. O-O-O Nf6 12. h4 Nh5 13. Qf2 Ngf4 14. Bc4
b5 15. Bb3 Bf5 16. Neg5 Bd6 17. Ne5 Bxe5 18. dxe5 Bg4 19. Bxf4 Bxd1 20. Rxd1
Qe7 21. Bh2 a5 22. g4 a4 23. Bxf7+ Kh8 24. gxh5 a3 25. b3 h6 26. e6 Rad8 27.
Ne4 Rxd1+ 28. Kxd1 Rd8+ 29. Ke2 Qb4 30. Qe3 Qe7 31. Be5 Kh7 32. Qg3 Rg8 33.
Qg6+ 1-0

[Event "25. Open Internacional de Parla 2010"]
[Site "Parla ESP"]
[Date "2010.09.09"]
[Round "6.39"]
[White "Madurga Lopez, Ignacio"]
[Black "Garcia Andrinal, Antonio"]
[Result "1-0"]
[WhiteElo "2010"]
[BlackElo "1748"]
[PlyCount "37"]
[EventDate "2010.09.04"]
[EventType "swiss"]
[EventRounds "9"]
[EventCountry "ESP"]
[Source "lmi"]
[SourceDate "2010.09.04"]

1. e4 c5 2. Nf3 d6 3. d4 cxd4 4. Nxd4 Nf6 5. Nc3 g6 6. Be3 Bg7 7. f3 O-O 8. Qd2
Nc6 9. O-O-O d5 10. exd5 Nxd5 11. Nxc6 bxc6 12. Bd4 e5 13. Bc5 Be6 14. Ne4 Re8
15. h4 Nf6 16. Qxd8 Raxd8 17. Rxd8 Rxd8 18. Be7 Bh6+ 19. Ng5 1-0

[Event "25. Open Internacional de Parla 2010"]
[Site "Parla ESP"]
[Date "2010.09.09"]
[Round "6.40"]
[White "Tirado Parra, Alberto"]
[Black "De la Rosa Bretin, Adrian"]
[Result "1-0"]
[WhiteElo "1951"]
[BlackElo "1712"]
[PlyCount "49"]
[EventDate "2010.09.04"]
[EventType "swiss"]
[EventRounds "9"]
[EventCountry "ESP"]
[Source "lmi"]
[SourceDate "2010.09.04"]

1. b3 Nf6 2. Bb2 d5 3. e3 c5 4. Nf3 g6 5. Ne5 Bg7 6. Bb5+ Bd7 7. Bxd7+ Nbxd7 8.
f4 O-O 9. O-O Nb6 10. d3 Nfd7 11. Nd2 d4 12. exd4 cxd4 13. Ndf3 Nd5 14. Qd2
Nxe5 15. fxe5 f6 16. Bxd4 fxe5 17. Nxe5 Qc7 18. Rae1 Rxf1+ 19. Kxf1 Rf8+ 20.
Kg1 Rf5 21. Nf3 Bxd4+ 22. Nxd4 Qc5 23. c3 Nxc3 24. Qe3 e5 25. Nxf5 1-0

[Event "25. Open Internacional de Parla 2010"]
[Site "Parla ESP"]
[Date "2010.09.09"]
[Round "6.41"]
[White "Ramirez Bulnes, Joaquin"]
[Black "Garcia-Ines Sanchez, Gustavo"]
[Result "1-0"]
[WhiteElo "1946"]
[BlackElo "1685"]
[PlyCount "113"]
[EventDate "2010.09.04"]
[EventType "swiss"]
[EventRounds "9"]
[EventCountry "ESP"]
[Source "lmi"]
[SourceDate "2010.09.04"]

1. c4 Nf6 2. Nc3 g6 3. g3 Bg7 4. Bg2 d6 5. d4 O-O 6. Nf3 Nc6 7. O-O Bd7 8. Re1
Qc8 9. Bg5 Bh3 10. Bxf6 Bxf6 11. Nd5 Bg7 12. Bxh3 Qxh3 13. Nxc7 Rad8 14. Nd5 e5
15. dxe5 dxe5 16. e4 f6 17. b4 Nxb4 18. Qb3 Nxd5 19. cxd5 b6 20. Rac1 Rd6 21.
Rc7 Rf7 22. Rec1 Bf8 23. Qa4 Rdd7 24. Qxa7 Bc5 25. Qa8+ Rf8 26. Rc8 Qh6 27.
Rxf8+ Qxf8 28. Qxf8+ Kxf8 29. a4 Ra7 30. Rc4 Ke7 31. Kf1 Kd6 32. Ne1 f5 33. f3
fxe4 34. fxe4 Rf7+ 35. Kg2 Rf2+ 36. Kh3 Rd2 37. Nf3 Rd3 38. Ng5 Ke7 39. Nxh7
Rd4 40. Rxd4 exd4 41. Kg2 d3 42. Kf3 d2 43. Ke2 Be3 44. h4 Bf2 45. Ng5 Bxg3 46.
Nf3 Kd6 47. Kxd2 Kc5 48. Kc3 b5 49. axb5 Kxb5 50. Kd4 Kb6 51. e5 Bf2+ 52. Ke4
Kc7 53. Kf4 Kd7 54. Kg5 Bg3 55. Kxg6 Ke7 56. Kg7 Kd7 57. h5 1-0

[Event "25. Open Internacional de Parla 2010"]
[Site "Parla ESP"]
[Date "2010.09.09"]
[Round "6.42"]
[White "Rodriguez Lorenzo, Miguel"]
[Black "Gutierrez Gonzalez, Francisco Javier"]
[Result "1/2-1/2"]
[WhiteElo "1684"]
[BlackElo "1918"]
[PlyCount "133"]
[EventDate "2010.09.04"]
[EventType "swiss"]
[EventRounds "9"]
[EventCountry "ESP"]
[Source "lmi"]
[SourceDate "2010.09.04"]

1. e4 e5 2. Nf3 Nc6 3. Bb5 a6 4. Ba4 b5 5. Bb3 Nf6 6. Nc3 Be7 7. O-O O-O 8. d3
d6 9. h3 Nd4 10. Be3 c5 11. Bxd4 exd4 12. Nd5 Be6 13. Nxe7+ Qxe7 14. c3 dxc3
15. bxc3 c4 16. Bc2 cxd3 17. Bxd3 Rac8 18. Qd2 Rc5 19. Rac1 Rfc8 20. Rc2 Bc4
21. Re1 Qc7 22. Rec1 Bxd3 23. Qxd3 b4 24. c4 Qc6 25. Nd2 Qb6 26. Nb3 Re5 27.
Re2 a5 28. Nd4 d5 29. exd5 Rxd5 30. Rd1 Rdc5 31. Rc2 a4 32. Rdc1 Rd8 33. Rd1
Re5 34. f3 Re7 35. c5 Qc7 36. Qc4 Rde8 37. Re2 Rxe2 38. Nxe2 h6 39. Rb1 Qe5 40.
Kf1 Nd5 41. Qd3 Ne3+ 42. Kg1 Qxc5 43. Qd4 Qc2 44. Qb2 Qxb2 45. Rxb2 Nd1 46. Rd2
f6 47. Kf1 Ne3+ 48. Kf2 Kf7 49. Rd4 Nc2 50. Rc4 b3 51. axb3 axb3 52. Rc7+ Re7
53. Rxe7+ Kxe7 54. Nc3 Na3 55. Na4 Kd6 56. Ke2 Kc6 57. Kd3 Kb5 58. Nb2 Kb4 59.
h4 Nc2 60. h5 Ne1+ 61. Ke4 Nxg2 62. Kf5 Kc3 63. Na4+ Kc2 64. Kg6 b2 65. Nxb2
Kxb2 66. Kxg7 Kc3 67. Kxf6 1/2-1/2

[Event "25. Open Internacional de Parla 2010"]
[Site "Parla ESP"]
[Date "2010.09.09"]
[Round "6.43"]
[White "Garcia Hernandez, Javier"]
[Black "Rodriguez Bachiller, Luis"]
[Result "1/2-1/2"]
[WhiteElo "1654"]
[BlackElo "1903"]
[PlyCount "104"]
[EventDate "2010.09.04"]
[EventType "swiss"]
[EventRounds "9"]
[EventCountry "ESP"]
[Source "lmi"]
[SourceDate "2010.09.04"]

1. d4 Nf6 2. c4 g6 3. Nc3 d5 4. cxd5 Nxd5 5. e4 Nxc3 6. bxc3 c5 7. Bc4 Bg7 8.
Ne2 cxd4 9. cxd4 O-O 10. O-O Nc6 11. Be3 Bg4 12. f3 Na5 13. Bb3 Nxb3 14. Qxb3
Be6 15. Qxb7 Bc4 16. Qb2 Rb8 17. Qc2 Bxe2 18. Qxe2 Bxd4 19. Bxd4 Qxd4+ 20. Qf2
Rfd8 21. Qxd4 Rxd4 22. Rab1 Rxb1 23. Rxb1 Rd2 24. a4 Ra2 25. Rb4 e6 26. h3 Kg7
27. Kh2 h5 28. Kg3 g5 29. h4 gxh4+ 30. Kxh4 Kg6 31. g4 hxg4 32. Kxg4 f6 33. Kf4
e5+ 34. Kg4 Ra1 35. Rc4 a5 36. Kh4 Ra3 37. Kg4 Kf7 38. Rc7+ Ke6 39. Rc6+ Ke7
40. Rc7+ Kd6 41. Rc4 Ra1 42. Kg3 Rb1 43. Kf2 Rb4 44. Rxb4 axb4 45. Ke3 Kc6 46.
Kd3 Kc5 47. Kc2 Kc4 48. Kb2 Kd4 49. Kb3 Kc5 50. a5 Kb5 51. a6 Kxa6 52. Kxb4 Kb6
1/2-1/2

[Event "25. Open Internacional de Parla 2010"]
[Site "Parla ESP"]
[Date "2010.09.09"]
[Round "6.44"]
[White "Kalynovsky, Martin"]
[Black "Gomez Feria, Jose Maria"]
[Result "0-1"]
[WhiteElo "1634"]
[BlackElo "1895"]
[PlyCount "66"]
[EventDate "2010.09.04"]
[EventType "swiss"]
[EventRounds "9"]
[EventCountry "ESP"]
[Source "lmi"]
[SourceDate "2010.09.04"]

1. e4 c5 2. Nf3 Nc6 3. d4 cxd4 4. Nxd4 e6 5. Be3 a6 6. Be2 Nf6 7. Nc3 Bb4 8.
Bd3 Qa5 9. Qd2 O-O 10. O-O Ng4 11. Nde2 Nxe3 12. Qxe3 Ne5 13. a3 Bd6 14. b4 Qc7
15. h3 b5 16. Rfd1 Bb7 17. Bxb5 Rac8 18. Bd3 f5 19. f3 f4 20. Qf2 Ng6 21. Rd2
Be5 22. Qc5 Qd8 23. Qa7 Rxc3 24. Nxc3 Bxc3 25. Qxb7 Bxd2 26. Bxa6 Be3+ 27. Kh1
Ne5 28. Qb5 Qc7 29. Qe2 Qc3 30. Ra2 Ra8 31. b5 d5 32. exd5 exd5 33. Qf1 Nc4 0-1

[Event "25. Open Internacional de Parla 2010"]
[Site "Parla ESP"]
[Date "2010.09.09"]
[Round "6.45"]
[White "Pablos Tenrero, Raquel"]
[Black "Martin Garcia, Francisco Javier"]
[Result "1-0"]
[WhiteElo "1884"]
[BlackElo "1575"]
[PlyCount "79"]
[EventDate "2010.09.04"]
[EventType "swiss"]
[EventRounds "9"]
[EventCountry "ESP"]
[Source "lmi"]
[SourceDate "2010.09.04"]

1. e4 c5 2. c3 Nf6 3. e5 Nd5 4. d4 cxd4 5. Qxd4 e6 6. Nf3 Nc6 7. Qe4 d6 8. Nbd2
dxe5 9. Nxe5 Nxe5 10. Qxe5 Qd6 11. Bb5+ Bd7 12. Bxd7+ Kxd7 13. Qe4 Rb8 14. Nc4
Qa6 15. O-O f5 16. Ne5+ Kc7 17. Qd4 Qb6 18. Qa4 Nf6 19. Bg5 Qa6 20. Qxa6 bxa6
21. Nf7 Rg8 22. Bf4+ Kb7 23. Bxb8 Kxb8 24. Rfd1 Bc5 25. b4 Bb6 26. c4 Bc7 27.
a4 h6 28. Re1 Ne4 29. f3 Rf8 30. fxe4 Rxf7 31. exf5 exf5 32. Re6 Rd7 33. c5 Rd4
34. Rb1 Rh4 35. g3 Rd4 36. Rxa6 f4 37. gxf4 Bxf4 38. Re6 Rd2 39. b5 Be3+ 40.
Rxe3 1-0

[Event "25. Open Internacional de Parla 2010"]
[Site "Parla ESP"]
[Date "2010.09.09"]
[Round "6.47"]
[White "Ruiz Escobar, Israel"]
[Black "Martinez Soler, Manuel"]
[Result "1-0"]
[WhiteElo "1815"]
[BlackElo "1563"]
[PlyCount "87"]
[EventDate "2010.09.04"]
[EventType "swiss"]
[EventRounds "9"]
[EventCountry "ESP"]
[Source "lmi"]
[SourceDate "2010.09.04"]

1. d4 d5 2. Bf4 Nf6 3. Nf3 e6 4. h3 Bd6 5. Ne5 Nbd7 6. Nd2 O-O 7. e3 Ne8 8. Bd3
Nxe5 9. dxe5 Be7 10. h4 g6 11. g4 Bxh4 12. Nf3 Be7 13. g5 Ng7 14. Qe2 Nf5 15.
O-O-O Kg7 16. e4 dxe4 17. Bxe4 Qe8 18. Qf1 Rh8 19. Bxf5 exf5 20. Nd4 c6 21. e6
f6 22. gxf6+ Bxf6 23. Bh6+ Kg8 24. Nxf5 Bxe6 25. Nd6 Qe7 26. Ne4 Kf7 27. Nd6+
Kg8 28. Ne4 Rd8 29. Nxf6+ Qxf6 30. Bd2 Bxa2 31. f4 h5 32. Rg1 Rh7 33. f5 Bf7
34. Re1 Re8 35. Rxe8+ Bxe8 36. Qc4+ Bf7 37. Qf4 Rg7 38. Bc3 Qxf5 39. Qxf5 gxf5
40. Bxg7 Kh7 41. Bd4 Bg6 42. Bxa7 Kg7 43. Kd2 Kf6 44. Bd4+ 1-0

[Event "25. Open Internacional de Parla 2010"]
[Site "Parla ESP"]
[Date "2010.09.09"]
[Round "6.48"]
[White "Cerrato Sampablo, Antonio"]
[Black "Corisco Beltran, Rafael"]
[Result "1/2-1/2"]
[WhiteElo "1621"]
[BlackElo "1808"]
[PlyCount "122"]
[EventDate "2010.09.04"]
[EventType "swiss"]
[EventRounds "9"]
[EventCountry "ESP"]
[Source "lmi"]
[SourceDate "2010.09.04"]

1. e4 c5 2. Nf3 Nc6 3. d4 cxd4 4. Nxd4 g6 5. Nc3 Bg7 6. Be3 Nf6 7. Be2 O-O 8.
O-O d5 9. Nxc6 bxc6 10. exd5 Nxd5 11. Nxd5 cxd5 12. c3 Rb8 13. Qd2 Qa5 14. b4
Qc7 15. Rac1 Rd8 16. Rfd1 Bf5 17. Bd3 Bxd3 18. Qxd3 Rbc8 19. Bc5 e6 20. Qe3 Rd7
21. Rd3 Bf8 22. Bxf8 Rxf8 23. g3 Rc8 24. h4 h5 25. a4 Kg7 26. a5 a6 27. Re1 Qd6
28. Qd4+ f6 29. Qe3 e5 30. Red1 Qc6 31. Qd2 Rcd8 32. Kh2 Qc4 33. Qe3 Qc6 34.
Qb6 Qb5 35. Qxb5 axb5 36. a6 Kf7 37. a7 Ke6 38. Ra1 Ra8 39. Ra6+ Rd6 40. Ra5
Rb6 41. Ra1 Kd6 42. Kg2 Rb7 43. Ra6+ Ke7 44. Rxd5 Raxa7 45. Rxa7 Rxa7 46. Rxb5
Rc7 47. Rc5 Rxc5 48. bxc5 Kd7 49. Kf3 Kc6 50. g4 f5 51. gxf5 gxf5 52. Ke3 Kxc5
53. f3 Kc4 54. Kd2 e4 55. fxe4 fxe4 56. Ke3 Kxc3 57. Kxe4 Kc4 58. Kf5 Kd5 59.
Kg5 Ke6 60. Kxh5 Kf7 61. Kh6 Kg8 1/2-1/2